01011nam a2200265 a 450000100100000000500170001000800410002702000150006804000250008308200230010810000350013124501360016625000110030226000510031330000340036453400540039865000280045265000320048070000290051270000440054191000070058504900090059295201270060199900170072800002153620240417183156.0100908s2001 mx a 000 0 spa d a9684444427 aDO-SdBNPbspacBNPHU a338.5bP247m, 20011 aParkin, Michael,d1935-94490410aMicroeconomía :bversión para latinoamérica /cMichael Parkin y Gerardo Esquivel ; traducción de Julio Silverio Coro Pando. a5a ed. aMéxico, D. F. :bPearson Educación,c2001. a541, [16] p. :bil. ;c26 cm. aVersión de la obra títulada :tMicroeconomics 0aMicroeconomía 922953 4aTeoría económica9309231 aEsquivel, Gerardo9449051 aCoro Pando, Julio Silverio,etr.944906 aWM aBNGR 001054708MOaGRbGRcHDd2010-09-08iLF1l0o338.5 P247m, 2001p21536-10r2020-06-25w2020-06-25y4ZPréstamo en sala c21036d21036